<?xml version="1.0" encoding="UTF-8"?>
<record
    xmlns:xsi="http://www.w3.org/2001/XMLSchema-instance"
    xsi:schemaLocation="http://www.loc.gov/MARC21/slim http://www.loc.gov/standards/marcxml/schema/MARC21slim.xsd"
    xmlns="http://www.loc.gov/MARC21/slim">

  <leader>00553nam a22002057a 4500</leader>
  <datafield tag="999" ind1=" " ind2=" ">
    <subfield code="c">16717</subfield>
    <subfield code="d">16717</subfield>
  </datafield>
  <controlfield tag="003">OSt</controlfield>
  <controlfield tag="005">20180319103507.0</controlfield>
  <controlfield tag="008">180319b        xxu||||| |||| 00| 0 eng d</controlfield>
  <datafield tag="020" ind1=" " ind2=" ">
    <subfield code="a">9781138784567</subfield>
  </datafield>
  <datafield tag="040" ind1=" " ind2=" ">
    <subfield code="c">KABU</subfield>
  </datafield>
  <datafield tag="050" ind1=" " ind2=" ">
    <subfield code="a">G 155</subfield>
    <subfield code="b">.P34 2015 C.1 </subfield>
  </datafield>
  <datafield tag="100" ind1=" " ind2=" ">
    <subfield code="a">Page, J. Stephen </subfield>
  </datafield>
  <datafield tag="245" ind1=" " ind2=" ">
    <subfield code="a">Tourism Management </subfield>
    <subfield code="c">Stephen J. Page </subfield>
  </datafield>
  <datafield tag="250" ind1=" " ind2=" ">
    <subfield code="a">5th ed. </subfield>
  </datafield>
  <datafield tag="260" ind1=" " ind2=" ">
    <subfield code="a">London </subfield>
    <subfield code="b">Taylor and Francis  Group</subfield>
    <subfield code="c">2015 </subfield>
  </datafield>
  <datafield tag="300" ind1=" " ind2=" ">
    <subfield code="a">xix, 467p. </subfield>
  </datafield>
  <datafield tag="650" ind1=" " ind2=" ">
    <subfield code="a">Tourism - Textbooks </subfield>
  </datafield>
  <datafield tag="650" ind1=" " ind2=" ">
    <subfield code="a">Tourism - Management  - Textbooks </subfield>
  </datafield>
  <datafield tag="942" ind1=" " ind2=" ">
    <subfield code="2">lcc</subfield>
    <subfield code="c">BK</subfield>
  </datafield>
  <datafield tag="952" ind1=" " ind2=" ">
    <subfield code="0">0</subfield>
    <subfield code="1">0</subfield>
    <subfield code="2">lcc</subfield>
    <subfield code="7">0</subfield>
    <subfield code="a">KABU</subfield>
    <subfield code="b">KABU</subfield>
    <subfield code="d">2018-03-19</subfield>
    <subfield code="g">3790.00</subfield>
    <subfield code="i">2018/0088</subfield>
    <subfield code="l">0</subfield>
    <subfield code="o">G 155 .P34 2015 C.1</subfield>
    <subfield code="p">027874</subfield>
    <subfield code="r">2018-03-19 00:00:00</subfield>
    <subfield code="t">C. 1</subfield>
    <subfield code="w">2018-03-19</subfield>
    <subfield code="y">BK</subfield>
  </datafield>
  <datafield tag="952" ind1=" " ind2=" ">
    <subfield code="0">0</subfield>
    <subfield code="1">0</subfield>
    <subfield code="2">lcc</subfield>
    <subfield code="7">0</subfield>
    <subfield code="a">KABU</subfield>
    <subfield code="b">KABU</subfield>
    <subfield code="d">2018-03-19</subfield>
    <subfield code="g">3790.00</subfield>
    <subfield code="i">2018/0087</subfield>
    <subfield code="l">0</subfield>
    <subfield code="o">G 155 .P34 2015 C.1</subfield>
    <subfield code="p">027875</subfield>
    <subfield code="r">2018-03-19 00:00:00</subfield>
    <subfield code="t">C. 2</subfield>
    <subfield code="w">2018-03-19</subfield>
    <subfield code="y">BK</subfield>
  </datafield>
  <datafield tag="952" ind1=" " ind2=" ">
    <subfield code="0">0</subfield>
    <subfield code="1">0</subfield>
    <subfield code="2">lcc</subfield>
    <subfield code="7">0</subfield>
    <subfield code="a">KABU</subfield>
    <subfield code="b">KABU</subfield>
    <subfield code="d">2018-03-19</subfield>
    <subfield code="g">3790.00</subfield>
    <subfield code="i">2018/0089</subfield>
    <subfield code="l">0</subfield>
    <subfield code="o">G 155 .P34 2015 C.3</subfield>
    <subfield code="p">027876</subfield>
    <subfield code="r">2018-03-19 00:00:00</subfield>
    <subfield code="t">C. 3</subfield>
    <subfield code="w">2018-03-19</subfield>
    <subfield code="y">BK</subfield>
  </datafield>
</record>
